Представление документа в формате RUSMARC

ПолеНазваниеЗначение
  Тип записи a
  Библиографический уровень m
001 Контрольный номер RU/SLIB/B/208748019
005 Дата корректировки 20230417150105.4
010 Индекс ISBN __
d Цена 32-00
101 Язык документа 0_
a Язык текста rus
200 Заглавие и сведения об ответственности 1_
a Заглавие Стремясь к любви неуловимой
e Сведения, относящиеся к заглавию диалог психолога со старшекласниками о любви и сексе
f Первые сведения об ответственности Махов Ф. С.
b Общее обозначение материала Текст
210 Выходные данные 1_
a Место издания М.
c Издательство Просвещение
d Дата издания 1993
215 Физическое описание __
a Объем 96 с.
606 Тематические рубрики __
a Основная рубрика Образование. Педагогика
606 Тематические рубрики __
a Основная рубрика Теория и методика воспитания
610 Ключевые слова 0_
a Ключевые слова любовь; секс; старшеклассники; интимная жизнь; половое воспитание; подростки; подростковая любовь; сексуальное воспитание
686 Индексы других классификаций __
a Классификационный индекс 74.200.557; В74.200.56
700 Автор _1
a Фамилия Махов
b Имя Ф. С.
4 Код отношения 070
801 Источник записи _0
a Страна RU
b Организация Муниципальное бюджетное учреждение культуры "Централизованная библиотечная система" г. Сургут (Центральная городская библиотека им. А. С. Пушкина)
g Правила каталогизации КиК/Уланова
801 Источник записи _1
a Страна RU
b Организация Муниципальное бюджетное учреждение культуры "Централизованная библиотечная система" г. Сургут (Центральная городская библиотека им. А. С. Пушкина)
g Правила каталогизации КиК/Уланова
852 Данные о местонахождении __
j Шифр хранения 74.200.557
c Каталожный индекс 74.200.56
i Авторский знак М 36
p Инвентарный номер 52428
901 Тип документа __
t Тип документа m
990 Данные о заказе (DOS) __
j Количество экземпляров (DOS) 1
h N записи в КСУ для Б/У (DOS) 199201